[Event "NED-ch 2002"]
[Site "Leeuwarden"]
[Date "2002.06.28"]
[Round "8"]
[White "Nijboer, Friso"]
[Black "Van den Doel, Erik"]
[Result "1/2-1/2"]
[WhiteElo "2578"]
[BlackElo "2583"]
[PlyCount "95"]
[EventDate "2002.06.20"]
[Source "ChessBase"]
[SourceDate "2002.09.20"]

1. e4 e5 2. Nf3 Nc6 3. Bb5 Nf6 4. O-O Nxe4 5. d4 Nd6 6. Bxc6 dxc6 7. dxe5 Nf5
8. Qxd8+ Kxd8 9. Nc3 Ke8 10. h3 Be7 11. b3 Nh4 12. Nxh4 Bxh4 13. Ba3 Bf5 14.
Rac1 h5 15. Nd1 a5 16. Ne3 Be6 17. f4 f5 18. exf6 Bxf6 19. f5 Bc8 20. Rcd1 Kf7
21. Bc1 a4 22. b4 Re8 23. a3 b6 24. c4 Ba6 25. Rd7+ Re7 26. Rxe7+ Bxe7 27. Rd1
Bd6 28. Kf2 Re8 29. Bb2 Bc8 30. Rd3 Be7 31. Bc3 Bg5 32. Kf3 h4 33. c5 b5 34.
Bd2 g6 35. fxg6+ Kxg6 36. Ng4 Rf8+ 37. Ke2 Bxg4+ 38. hxg4 Bxd2 39. Rxd2 Rf4 40.
Rd7 Rxg4 41. Kf2 Rg3 42. Rxc7 Rxa3 43. Rxc6+ Kf5 44. Rb6 Kf4 45. Rxb5 Ra2+ 46.
Kf1 h3 47. gxh3 Kf3 48. Ke1 1/2-1/2

[Event "NED-ch 2002"]
[Site "Leeuwarden"]
[Date "2002.06.28"]
[Round "8"]
[White "Van der Wiel, John"]
[Black "Reinderman, Dimitri"]
[Result "1-0"]
[WhiteElo "2509"]
[BlackElo "2537"]
[PlyCount "80"]
[EventDate "2002.06.20"]
[Source "ChessBase"]
[SourceDate "2002.09.20"]

1. e4 c5 2. Nf3 Nc6 3. d4 cxd4 4. Nxd4 Nf6 5. Nc3 e5 6. Ndb5 d6 7. Bg5 a6 8.
Na3 b5 9. Bxf6 gxf6 10. Nd5 f5 11. c3 Bg7 12. exf5 Bxf5 13. Nc2 O-O 14. Nce3
Be6 15. Bd3 f5 16. Bc2 f4 17. Qh5 Rf7 18. Bxh7+ Kf8 19. Bf5 Qe8 20. Bxe6 Qxe6
21. Qg4 Qe8 22. Nc2 Qc8 23. Qg6 Qd8 24. O-O Ne7 25. Nxe7 Qxe7 26. Rfd1 Rf6 27.
Qe4 Re8 28. a4 f3 29. g3 Qe6 30. axb5 axb5 31. Ra7 b4 32. Ne3 bxc3 33. bxc3 Rb8
34. Qh7 Rg6 35. Nf5 Qd5 36. Raa1 Qf7 37. Rxd6 Rxd6 38. Nxd6 Qe6 39. Ra7 Qxd6
40. Qxg7+ Ke8 1-0

[Event "NED-ch 2002"]
[Site "Leeuwarden"]
[Date "2002.06.29"]
[Round "9"]
[White "Janssen, Ruud"]
[Black "Nijboer, Friso"]
[Result "1-0"]
[WhiteElo "2469"]
[BlackElo "2578"]
[PlyCount "78"]
[EventDate "2002.06.20"]
[Source "ChessBase"]
[SourceDate "2002.09.20"]

1. d4 Nf6 2. c4 g6 3. Nc3 d5 4. Nf3 Bg7 5. e3 O-O 6. b4 c6 7. Bb2 Bg4 8. h3
Bxf3 9. Qxf3 dxc4 10. Bxc4 Nbd7 11. Rd1 e5 12. d5 c5 13. bxc5 Nxc5 14. O-O a6
15. d6 e4 16. Qe2 b5 17. Bb3 Qd7 18. Nd5 Nxd5 19. Rxd5 Rac8 20. Bxg7 Kxg7 21.
f3 f6 22. Rd4 Rc6 23. Rfd1 exf3 24. Qxf3 f5 25. Qd5 Nxb3 26. axb3 Rfc8 27. Qe5+
Kf7 28. e4 Qe6 29. Qf4 Rc5 30. d7 Rd8 31. Qh4 Qf6 32. Qxh7+ Qg7 33. Qh4 Qf6 34.
exf5 Rxf5 35. Qe4 a5 36. Rd6 Qe5 37. Qh4 Rh5 38. Qf2+ Kg7 39. Qb6 Qg5 1-0

[Event "NED-ch 2002"]
[Site "Leeuwarden"]
[Date "2002.06.29"]
[Round "9"]
[White "Reinderman, Dimitri"]
[Black "Jonkman, Harmen"]
[Result "0-1"]
[WhiteElo "2537"]
[BlackElo "2520"]
[PlyCount "79"]
[EventDate "2002.06.20"]
[Source "ChessBase"]
[SourceDate "2002.09.20"]

1. f4 d5 2. Nf3 g6 3. g3 Bg7 4. Bg2 c6 5. d3 Nh6 6. e3 Qb6 7. Nc3 O-O 8. O-O a5
9. Kh1 a4 10. a3 Nf5 11. Qe1 Nd6 12. e4 dxe4 13. dxe4 Nc4 14. e5 f6 15. Qe2 Qa6
16. exf6 Bxf6 17. Re1 Bf5 18. h3 Nd6 19. Qd1 Rd8 20. g4 Nf7 21. Nd2 Bc8 22. g5
Bg7 23. Rxe7 Bf5 24. Qe1 Nd7 25. Nde4 Kf8 26. Rxf7+ Kxf7 27. Nd6+ Kg8 28. Nxf5
gxf5 29. Qe6+ Kh8 30. Qxf5 Nf8 31. Be3 Ng6 32. Qg4 Re8 33. Bg1 Qc4 34. Rf1 Rad8
35. Qg3 Rd2 36. f5 Be5 37. Qe1 Rxg2 38. Kxg2 Nh4+ 39. Kh1 Re7 40. Bh2 0-1

[Event "NED-ch 2002"]
[Site "Leeuwarden"]
[Date "2002.06.29"]
[Round "9"]
[White "Sokolov, Ivan"]
[Black "Van der Wiel, John"]
[Result "1/2-1/2"]
[WhiteElo "2647"]
[BlackElo "2509"]
[PlyCount "54"]
[EventDate "2002.06.20"]
[Source "ChessBase"]
[SourceDate "2002.09.20"]

1. d4 Nf6 2. c4 e6 3. Nf3 b6 4. Nc3 Bb7 5. a3 d5 6. Bg5 Be7 7. Qa4+ Qd7 8. Qc2
dxc4 9. e4 b5 10. Rd1 a6 11. Be2 Qc8 12. a4 b4 13. Bxf6 Bxf6 14. e5 Be7 15. Ne4
b3 16. Qb1 Qd7 17. O-O Bd5 18. Rc1 Qxa4 19. Ned2 Nc6 20. Bxc4 Nb4 21. Ne4 Qa2
22. Bxd5 Qxb1 23. Rxb1 Nxd5 24. Ned2 a5 25. Nxb3 a4 26. Nc1 Kd7 27. Nd3 Rhb8
1/2-1/2

[Event "NED-ch 2002"]
[Site "Leeuwarden"]
[Date "2002.06.29"]
[Round "9"]
[White "Tiviakov, Sergei"]
[Black "Ernst, Sipke"]
[Result "1/2-1/2"]
[WhiteElo "2625"]
[BlackElo "2462"]
[PlyCount "58"]
[EventDate "2002.06.20"]
[Source "ChessBase"]
[SourceDate "2002.09.20"]

1. e4 e5 2. Nf3 Nf6 3. d4 Nxe4 4. Bd3 d5 5. Nxe5 Nd7 6. Nxd7 Bxd7 7. O-O Bd6 8.
c4 c6 9. cxd5 cxd5 10. Qh5 O-O 11. Qxd5 Bc6 12. Qh5 g6 13. Qh3 Ng5 14. Qh6 Be7
15. Be3 Ne6 16. Nc3 Bf6 17. Rad1 Bxd4 18. Bxd4 Nxd4 19. Ne4 Bxe4 20. Bxe4 Qb6
21. Rd2 Rad8 22. Rfd1 Rd7 23. Qe3 Rfd8 24. h3 Qf6 25. Bxb7 Rxb7 26. Rxd4 Rxd4
27. Rxd4 Rxb2 28. Rf4 Qc6 29. a3 Rb3 1/2-1/2

[Event "NED-ch 2002"]
[Site "Leeuwarden"]
[Date "2002.06.29"]
[Round "9"]
[White "Van den Doel, Erik"]
[Black "Van Wely, Loek"]
[Result "1-0"]
[WhiteElo "2583"]
[BlackElo "2642"]
[PlyCount "71"]
[EventDate "2002.06.20"]
[Source "ChessBase"]
[SourceDate "2002.09.20"]

1. e4 c5 2. Nf3 d6 3. d4 cxd4 4. Nxd4 Nf6 5. Nc3 a6 6. Be3 e6 7. Be2 Qc7 8. Qd2
b5 9. a3 Bb7 10. f3 Be7 11. g4 Nfd7 12. O-O-O O-O 13. g5 Nc6 14. h4 Na5 15. g6
Nc4 16. Bxc4 Qxc4 17. gxh7+ Kxh7 18. Bg5 Nf6 19. h5 Bc8 20. Qg2 e5 21. Nf5 Bxf5
22. exf5 b4 23. axb4 Qxb4 24. Rdg1 Rg8 25. Bd2 Kh8 26. h6 g5 27. h7 Rg7 28. f4
Rb8 29. fxg5 Qxb2+ 30. Kd1 Rc8 31. Qf3 e4 32. Qe3 Ng4 33. Rxg4 Qa1+ 34. Bc1
Rxc3 35. Qxe4 Rc4 36. Qa8+ 1-0